00748cam a2200205 a 450000100100000000500170001000800410002704000250006808200200009310000310011324500620014426000510020630000210025750400320027865000190031065000210032971000540035095201230040499900150052700000258220200929150222.0830622s1981 ho b 001 0 spa  aDO-SdBNPbspacBNPHU a808.51bP348ó1 aPaz Barnica, Edgardo9811513aLa oratoria y su función social /cEdgardo Paz Barnica. aTegucigalpa, Honduras :bUniversitaria,c1981. a617 p. ;c21 cm. aBibliografía: p. 601-617. 4aOratoria91172 4aRetórica962172 aUniversidad Nacional Autónoma de Honduras98133 001052708MOaGRbGRcHDd2009-07-10iLF1l0o808.51 P348óp2582-10r2020-06-25w2020-06-25y2ZPréstamo interno c2418d2418